000 00415nam a2200169 a 4500
001 0000-8863
003 ELIB.Books
008 110520 1956
035 _a(ELIB.Books)0000-9009
082 _aB
_bBer
100 _aBerry, Ruth Muirhead
245 _aTo enjoy God
260 _bPhiladelphia: Muhlenberg Press
_c1956
650 _aBiography
942 _2ddc
_cBK
998 _cbat
_e2011-05-20
999 _c8863
_d8863